000
00333 a2200109 4500
001
ART_11201
005
20260410161855.0
008
260409a
245
1
0
_a
De la eutanasia del rentista a la eutanasia del empresario
100
1
_a
Tagle, Manuel
773
0
_t
Revista de Economía
_g
- Nº 37 (jun. 1983)
_w
REV11077
999
_c
25382
_d
25382